| 000 | 00787cab a2200265 4500 | ||
|---|---|---|---|
| 001 | WB3424-04 | ||
| 008 | 090401t1998 xxu||||| |||| 00| 0 eng d | ||
| 035 | _a(Sirsi) u86971 | ||
| 041 | _aeng | ||
| 245 | _aCity jobs to rise | ||
| 260 | _c1998 | ||
| 350 | _a0 | ||
| 490 |
_aTimes _v22 June 1998, 52(1) |
||
| 520 | _aA report commissioned by the Corporation of London forecasts that a further 100,000 people will be working in the City of London and the financial services industry by 2015. | ||
| 650 | _aCITY OF LONDON | ||
| 650 | _aCORPORATION OF LONDON | ||
| 650 | _aEMPLOYMENT | ||
| 650 | _aFINANCIAL SERVICES INDUSTRY | ||
| 650 | _aFORECASTS | ||
| 650 | _aJOBS | ||
| 650 | _aLONDON | ||
| 690 | _aPROPERTY-COMMERCIAL PROPERTY | ||
| 942 | _n0 | ||
| 948 | _c23/06/1998 | ||
| 999 |
_c54774 _d54774 |
||